000 00650nam a2200229Ia 4500
003 OSt
005 20220928113606.0
006 a|||||r|||| 00| 0
007 ta
008 220927b |||||||| |||| 00| 0 eng d
024 _a50445
037 _cTextual
040 _aSDCL
_cSDCL
_beng
041 _2eng
_aeng
082 _aW43.30k4'N1, L7
100 _aGillard David
_9433962
245 0 _aStruggle for Asia,1828-1914
_b A study in British and Russian imperialism
260 _aLondon
_bMethuen
_c1977
300 _avii,214p
_ccm.
942 _hW43.30k4'N1, L7
_cTEXL
_2CC
999 _c750363
_d750363